| 000 | 00407pab a2200169 454500 | ||
|---|---|---|---|
| 008 | 180718b2011 xxu||||| |||| 00| 0 eng d | ||
| 100 | _aRammohan, E.N. | ||
| 245 | _aThe Indo - Bangladesh border | ||
| 260 | _c2011 | ||
| 300 | _ap.548-554. | ||
| 362 | _aOct - Dec | ||
| 650 | _aIndia - Boundaries - Bangladesh | ||
| 650 | _aBoundary disputes | ||
| 773 | _aUSI Journal | ||
| 908 | _aN | ||
| 909 | _a96345 | ||
| 999 |
_c96345 _d96345 |
||